000 00606nam a2200193Ia 4500
003 LDD
008 190117s9999 xx 000 0 und d
020 _a9788193295229
_c₹250
040 _cLDD
041 _ahi
082 _a8H3.7 य69252द
100 _aयशपाल
245 0 _aदस प्रतिनिधि कहानियाँ
_cयशपाल
260 _aदिल्ली
_bकिताबघर प्रकाशन
_c2017
300 _a168p.
901 _aKGP
904 _aReqst by : Satyakam
942 _2ddc
_cH
999 _c167653
_d167653